Bairros de Salvador BA - Statistics

Estatísticas Gerais
  • Esse quiz foi jogado 62 vezes
    44 desde o último reset
  • A pontuação média é 53 de 172
Estatísticas das Respostas
% Correto
Barra
93%
Brotas
73%
Ondina
73%
Rio Vermelho
73%
Águas Claras
67%
Amaralina
67%
Mussurunga
67%
Piatã
67%
Pituba
67%
Boca do Rio
60%
Cabula
60%
Cajazeiras II
60%
Cajazeiras IV
60%
Cajazeiras V
60%
Cajazeiras VI
60%
Cajazeiras VII
60%
Cajazeiras VIII
60%
Cajazeiras X
60%
Cajazeiras XI
60%
Centro
60%
Centro Administrativo da Bahia (CAB)
60%
Uruguai
60%
Valéria
60%
Vitória
60%
Graça
60%
Itapuã
60%
Pernambués
60%
Aeroporto
53%
Comércio
53%
Federação
53%
Imbuí
53%
Nordeste
53%
Paripe
53%
Periperi
53%
São Cristóvão
53%
Acupe
47%
Cabula VI
47%
Canela
47%
Costa Azul
47%
Coutos
47%
Fazenda Grande do Retiro
47%
Horto Florestal
47%
Itaigara
47%
Lapinha
47%
Liberdade
47%
Palestina
47%
Patamares
47%
Pau Miúdo
47%
Stella Maris
47%
STIEP
47%
Sussuarana
47%
Bairro da Paz
40%
Barris
40%
Beiru / Tancredo Neves
40%
Caminho das Árvores
40%
Engenho Velho da Federação
40%
Engenho Velho de Brotas
40%
Fazenda Coutos
40%
Fazenda Grande I
40%
Garcia
40%
Mata Escura
40%
Nazaré
40%
Pirajá
40%
Santo Antônio
40%
São Caetano
40%
Arenoso
33%
Barbalho
33%
Caixa D'Água
33%
Canabrava
33%
Fazenda Grande II
33%
Fazenda Grande III
33%
Vila Laura
33%
Lobato
33%
Nova Brasília
33%
Pau da Lima
33%
Pituaçu
33%
Ribeira
33%
Saboeiro
33%
São Marcos
33%
São Rafael
33%
São Tomé
33%
Alto do Cabrito
27%
Barreiras
27%
Boa Viagem
27%
Calabar
27%
Calabetão
27%
Calçada
27%
Caminho de Areia
27%
Cosme de Farias
27%
Curuzu
27%
Engomadeira
27%
Fazenda Grande IV
27%
IAPI
27%
Itinga
27%
Jardim Armação
27%
Plataforma
27%
Retiro
27%
São Gonçalo
27%
Tororó
27%
Bonfim
20%
Candeal
20%
Centro Histórico
20%
Chame-Chame
20%
Doron
20%
Trobogy
20%
Monte Serrat
20%
Narandiba
20%
Porto Seco Pirajá
20%
Rio Sena
20%
Santa Luzia
20%
Santa Mônica
20%
Saramandaia
20%
Alto do Coqueirinho
13%
Areia Branca
13%
Boa Vista de São Caetano
13%
Boa Vista do Lobato
13%
Boca da Mata
13%
Bom Juá
13%
Campinas de Pirajá
13%
Dois de Julho
13%
Dom Avelar
13%
Vale das Pedrinhas
13%
Ilha Amarela
13%
Ilha de Maré
13%
Ilha dos Frades/Ilha de Santo Antônio
13%
Itacaranha
13%
Jardim Cajazeiras
13%
Jardim das Margaridas
13%
Jardim Nova Esperança
13%
Loteamento Aquarius
13%
Mares
13%
Matatu
13%
Novo Horizonte
13%
Resgate
13%
Roma
13%
Santo Agostinho
13%
Saúde
13%
Vista Alegre
13%
Alto das Pombas
7%
Alto da Terezinha
7%
Arraial do Retiro
7%
Baixa de Quintas
7%
Boa Vista de Brotas
7%
Capelinha
7%
Cassange
7%
Castelo Branco
7%
Chapada do Rio Vermelho
7%
Cidade Nova
7%
Colinas de Periperi
7%
Vale dos Lagos
7%
Vila Canária
7%
Vila Ruy Barbosa/Jardim Cruzeiro
7%
Granjas Rurais Presidente Vargas
7%
Ilha de Bom Jesus dos Passos
7%
Jaguaripe I
7%
Jardim Santo Inácio
7%
Luiz Anselmo
7%
Mangueira
7%
Marechal Rondon
7%
Massaranduba
7%
Mirantes de Periperi
7%
Moradas da Lagoa
7%
Nova Constituinte
7%
Nova Esperança
7%
Nova Sussuarana
7%
Novo Marotinho
7%
Pero Vaz
7%
Praia Grande
7%
Santa Cruz
7%
São João do Cabrito
7%
Sete de Abril
7%
Macaúbas
0%
Nenhum quiz correspondente encontrado
Distribuição das Pontuações
Porcentagem de Pessoas com Cada Pontuação
Percentil de Números Respondidos
Sua Pontuação Histórica
Você não jogou esse quiz desde o último reset